Social in ageing (Record no. 34796)

MARC details
000 -LEADER
fixed length control field 00517nam a2200181Ia 4500
020 ## - INTERNATIONAL STANDARD BOOK NUMBER
ISBN 9789351117308
050 ## - CALL MARK
Classification number HV 1451 .E63/
100 ## - STATEMENT OF RESPONSIBILITY--MAIN AUTHOR NAME
Personal name Eqbal, Afroze
245 #0 - TITLE STATEMENT
Title Social in ageing
260 ## - PUBLICATION, DISTRIBUTION, ETC. (IMPRINT)
Place of publication New Delhi, India
260 ## - PUBLICATION, DISTRIBUTION, ETC. (IMPRINT)
Name of publisher Random publications
260 ## - PUBLICATION, DISTRIBUTION, ETC. (IMPRINT)
Year of publication 2015
300 ## - PHYSICAL DESCRIPTION
Number of Pages 318 p
650 ## - SUBJECT ADDED ENTRY--TOPICAL TERM
Topical Term Older people--Services for. Thanatology. Terminally ill--Services for. Bereavement--Psychological aspects.
942 ## - ADDED ENTRY ELEMENTS (KOHA)
Koha item type Books
Holdings
Withdrawn status Lost status Source of classification or shelving scheme Damaged status Not for loan Permanent Location Current Location Shelving location Date acquired Accession Number Price effective from Koha item type
    Library of Congress Classification     NILE UNIVERSITY OF NIGERIA - MAIN LIBRARY NILE UNIVERSITY OF NIGERIA - MAIN LIBRARY Items on shelf 04/23/2025 0191396 04/23/2025 Books